International handbook of higher education. Part One: Global Themes and Contemporary Challenges.

Salvato in:
Dettagli Bibliografici
Altri autori: Forest, James J. F. (Redattore), Altbach, Philip G. (Redattore)
Natura: Libro
Pubblicazione: Dordrecht, The Netherlands: Springer, 2006.
Serie:Springer International Handbooks of Education, 18.
Soggetti:
Tags: Aggiungi Tag
Nessun Tag, puoi essere il primo ad aggiungerne!!

MARC

LEADER 00000nam a22000007a 4500
003 CL-VaPUC
005 20240402164654.0
008 240325t2006 ||||| |||| 00| 0 eng d
999 |c 443324  |d 443322 
020 |a 978-1-4020-4011-5 
040 |c Pontificia Universidad Católica de Valparaíso 
082 7 |a 378 FOR 2006  |2 22 
100 1 |a Forest, James J. F.  |e editor  |9 887969 
245 |a International handbook of higher education.  |b Part One: Global Themes and Contemporary Challenges. 
260 |a Dordrecht, The Netherlands:  |b Springer,   |c 2006. 
300 |a 1102 páginas. 
490 |a Springer International Handbooks of Education,   |v 18. 
500 |a c.1 Donación Escuela Ingeniería Industrial. Memo EII 02/2024. 25-01-2024. 
505 |a Part One: Global Themes and Contemporary Challenges. 
583 |c 20240325  |k Catalogador Asistente 
650 |a Educación superior  |9 223851 
650 |a Gestión y organización escolar  |9 861857 
650 |a Políticas educacionales   |9 887998 
700 |a Altbach, Philip G.  |e editor  |9 887970 
942 |2 ddc  |c BK 
952 |0 0  |1 0  |2 ddc  |4 0  |6 378_000000000000000_FOR_2006  |7 0  |8 A  |9 593825  |a BIBING  |b BIBING  |d 2024-03-25  |e Donación  |h p.1  |i 5660407  |o 378 FOR 2006  |p 5660407  |r 2025-01-20  |t 1  |w 2024-03-25  |y BK  |k EII